Politika ako povolanie /
Uložené v:
| Hlavný autor: | |
|---|---|
| Médium: | Kniha |
| Jazyk: | Slovak |
| Vydavateľské údaje: |
Bratislava :
Spektrum,
1990
|
| Vydanie: | 1.vyd. |
| Tagy: |
Žiadne tagy, Buďte prvý, kto otaguje tento záznam!
|
MARC
| LEADER | 00000nam a22000003a 4500 | ||
|---|---|---|---|
| 001 | stu1154 | ||
| 005 | 20150617225617.9 | ||
| 008 | 920511s1990----cs------------------slo-d | ||
| 020 | |a 80-218-0055-0 | ||
| 040 | |a STU |b slo | ||
| 041 | 0 | |a slo | |
| 044 | |a cs | ||
| 080 | |a 32-051 | ||
| 100 | 1 | |a Weber, Max |4 aut | |
| 245 | 1 | |a Politika ako povolanie / |c [aut.] Weber,Max | |
| 250 | |a 1.vyd. | ||
| 260 | |a Bratislava : |b Spektrum, |c 1990 | ||
| 300 | |a 77 s | ||
| 996 | |b E76418 |c R*76418 |l RRUM |s A |a 24 |w stu1154_0001 | ||